=LDR 00000nam 2200000 4500 =001 INLIS000000000037368 =005 20170213105254.0 =006 =007 =008 Eng =035 ##$$0010-061300000037368 =041 ##$$a Eng =082 ##$$a 81 =090 ##$$a 813, Bur s =100 ##$$a Burnet, Frances Hodgsen =245 ##$$a The scret Garden, Frances Hodgsen Burnett; Penerjemah,Barokah Ruziati =260 ##$$a 2010 $b Jakarta =300 ##$$a 3202 hlm., 21 cm =650 ##$$a Fiksi Indonesia =850 ##$$a NBPNMAT =990 ##$$a 21601799/BPAP-NTB/2017